000 01678nac a22002651u 4500
008 100518s2004 nyu|||||s|||| 000 0 eng d
020 _a0072938846
082 _a158
_bPSY
_222
100 _a20080729
_914100
110 _aDiscovery Channel
_914101
245 _aMedia Resources for Teaching Psychology/
_cDiscovery Channel (Firm), Discovery Communications, Inc. and McGraw-Hill Companies.
246 _aMcGraw-Hill media resources for teaching psychology, Teaching psychology
260 _aNew York:
_bMcGraw-Hill, 2004
_c2004
300 _a4videocassettes (Video 1 : 119 min., Video 2 : 80 min.) :
_bsd., col. ;
_c1/2 in. +
_e2 CD-ROMs : sd., col. ; 4 3/4 in.
500 _a "Video segments, interactivities, and animations." At head of title: McGraw-Hill.
505 _aWhat is psychology? -- Research methods -- Biology and behavior -- Sexuality -- Motivation and emotion -- Human development -- Sensation and perception -- States of consciousness -- Learning -- Memory -- Thinking and language -- Intelligence -- Personality -- Psychological disorders -- Stress, coping, and health -- Social psychology.
650 _aPsychology
_914095
_xStudy and teaching
650 _aPsychology
_914096
_xStudy and teaching-- Audio-visual aids
710 _914097
_aDiscovery Channel (Firm)
710 _914098
_aDiscovery Communications, Inc.
710 _914099
_aMcGraw-Hill Companies
942 _cVD
_k158PSY
_2ddc
999 _c5223
_d5223